<?xml version="1.0" encoding="UTF-8"?>
<record
    xmlns:xsi="http://www.w3.org/2001/XMLSchema-instance"
    xsi:schemaLocation="http://www.loc.gov/MARC21/slim http://www.loc.gov/standards/marcxml/schema/MARC21slim.xsd"
    xmlns="http://www.loc.gov/MARC21/slim">

  <leader>00786nam a22002177a 4500</leader>
  <controlfield tag="005">20230227010556.0</controlfield>
  <controlfield tag="008">230227b        |||||||| |||| 00| 0 eng d</controlfield>
  <datafield tag="020" ind1=" " ind2=" ">
    <subfield code="a">981-247-052-2</subfield>
  </datafield>
  <datafield tag="082" ind1=" " ind2=" ">
    <subfield code="a">647.940688 K87 2003</subfield>
  </datafield>
  <datafield tag="100" ind1=" " ind2=" ">
    <subfield code="a">Kotler, Philip </subfield>
    <subfield code="e">author </subfield>
  </datafield>
  <datafield tag="245" ind1=" " ind2=" ">
    <subfield code="a">Marketing for hospitality and tourism /</subfield>
    <subfield code="c">Philip Kotler, John Bowen, James Makens</subfield>
  </datafield>
  <datafield tag="250" ind1=" " ind2=" ">
    <subfield code="a">3rd ed. </subfield>
  </datafield>
  <datafield tag="260" ind1=" " ind2=" ">
    <subfield code="a">Singapore:</subfield>
    <subfield code="b">Pearson Education South Asia, </subfield>
    <subfield code="c">c2003.</subfield>
  </datafield>
  <datafield tag="300" ind1=" " ind2=" ">
    <subfield code="a">xvii, 893p.;</subfield>
    <subfield code="b">ill. </subfield>
  </datafield>
  <datafield tag="504" ind1=" " ind2=" ">
    <subfield code="a">Includes bibliographical references and index </subfield>
  </datafield>
  <datafield tag="541" ind1=" " ind2=" ">
    <subfield code="e">590 c.1, 591 c.2, 592 c.3, 593 c.4, 638 c.5, 639 c.6, 640 c.7, 3362 c.8</subfield>
  </datafield>
  <datafield tag="650" ind1=" " ind2=" ">
    <subfield code="a">Hospitality industry - Marketing</subfield>
  </datafield>
  <datafield tag="650" ind1=" " ind2=" ">
    <subfield code="a">Tourist trade - Marketing </subfield>
  </datafield>
  <datafield tag="700" ind1=" " ind2=" ">
    <subfield code="a">John Bowen </subfield>
    <subfield code="e">author </subfield>
  </datafield>
  <datafield tag="700" ind1=" " ind2=" ">
    <subfield code="a">James Makens </subfield>
    <subfield code="e">author </subfield>
  </datafield>
  <datafield tag="952" ind1=" " ind2=" ">
    <subfield code="0">0</subfield>
    <subfield code="1">0</subfield>
    <subfield code="2">ddc</subfield>
    <subfield code="4">0</subfield>
    <subfield code="7">0</subfield>
    <subfield code="a">CTUMB</subfield>
    <subfield code="b">CTUMB</subfield>
    <subfield code="d">2011-06-13</subfield>
    <subfield code="l">0</subfield>
    <subfield code="o">647.940688 K87 2003</subfield>
    <subfield code="p">590</subfield>
    <subfield code="r">2025-08-22 06:31:05</subfield>
    <subfield code="t">1</subfield>
    <subfield code="w">2023-02-27</subfield>
    <subfield code="y">BK-R</subfield>
  </datafield>
  <datafield tag="952" ind1=" " ind2=" ">
    <subfield code="0">0</subfield>
    <subfield code="1">0</subfield>
    <subfield code="2">ddc</subfield>
    <subfield code="4">0</subfield>
    <subfield code="7">0</subfield>
    <subfield code="a">CTUMB</subfield>
    <subfield code="b">CTUMB</subfield>
    <subfield code="d">2011-06-13</subfield>
    <subfield code="l">0</subfield>
    <subfield code="o">647.940688 K87 2003</subfield>
    <subfield code="p">591</subfield>
    <subfield code="r">2023-02-27 00:00:00</subfield>
    <subfield code="t">2</subfield>
    <subfield code="w">2023-02-27</subfield>
    <subfield code="y">BK-R</subfield>
  </datafield>
  <datafield tag="952" ind1=" " ind2=" ">
    <subfield code="0">0</subfield>
    <subfield code="1">0</subfield>
    <subfield code="2">ddc</subfield>
    <subfield code="4">0</subfield>
    <subfield code="7">0</subfield>
    <subfield code="a">CTUMB</subfield>
    <subfield code="b">CTUMB</subfield>
    <subfield code="d">2011-06-13</subfield>
    <subfield code="l">1</subfield>
    <subfield code="o">647.940688 K87 2003</subfield>
    <subfield code="p">592</subfield>
    <subfield code="r">2025-08-07 01:41:52</subfield>
    <subfield code="s">2024-04-18</subfield>
    <subfield code="t">3</subfield>
    <subfield code="w">2023-02-27</subfield>
    <subfield code="y">BK-R</subfield>
  </datafield>
  <datafield tag="952" ind1=" " ind2=" ">
    <subfield code="0">0</subfield>
    <subfield code="1">0</subfield>
    <subfield code="2">ddc</subfield>
    <subfield code="4">0</subfield>
    <subfield code="7">0</subfield>
    <subfield code="a">CTUMB</subfield>
    <subfield code="b">CTUMB</subfield>
    <subfield code="d">2011-06-13</subfield>
    <subfield code="l">0</subfield>
    <subfield code="o">647.940688 K87 2003</subfield>
    <subfield code="p">593</subfield>
    <subfield code="r">2023-02-27 00:00:00</subfield>
    <subfield code="t">4</subfield>
    <subfield code="w">2023-02-27</subfield>
    <subfield code="y">BK-R</subfield>
  </datafield>
  <datafield tag="952" ind1=" " ind2=" ">
    <subfield code="0">0</subfield>
    <subfield code="1">0</subfield>
    <subfield code="2">ddc</subfield>
    <subfield code="4">0</subfield>
    <subfield code="7">0</subfield>
    <subfield code="a">CTUMB</subfield>
    <subfield code="b">CTUMB</subfield>
    <subfield code="d">2011-06-13</subfield>
    <subfield code="l">0</subfield>
    <subfield code="o">647.940688 K87 2003</subfield>
    <subfield code="p">638</subfield>
    <subfield code="r">2023-02-27 00:00:00</subfield>
    <subfield code="t">5</subfield>
    <subfield code="w">2023-02-27</subfield>
    <subfield code="y">BK-R</subfield>
  </datafield>
  <datafield tag="952" ind1=" " ind2=" ">
    <subfield code="0">0</subfield>
    <subfield code="1">0</subfield>
    <subfield code="2">ddc</subfield>
    <subfield code="4">0</subfield>
    <subfield code="7">0</subfield>
    <subfield code="a">CTUMB</subfield>
    <subfield code="b">CTUMB</subfield>
    <subfield code="d">2011-06-13</subfield>
    <subfield code="l">0</subfield>
    <subfield code="o">647.940688 K87 2003</subfield>
    <subfield code="p">639</subfield>
    <subfield code="r">2023-02-27 00:00:00</subfield>
    <subfield code="t">6</subfield>
    <subfield code="w">2023-02-27</subfield>
    <subfield code="y">BK-R</subfield>
  </datafield>
  <datafield tag="952" ind1=" " ind2=" ">
    <subfield code="0">0</subfield>
    <subfield code="1">0</subfield>
    <subfield code="2">ddc</subfield>
    <subfield code="4">0</subfield>
    <subfield code="7">0</subfield>
    <subfield code="a">CTUMB</subfield>
    <subfield code="b">CTUMB</subfield>
    <subfield code="d">2011-06-13</subfield>
    <subfield code="l">0</subfield>
    <subfield code="o">647.940688 K87 2003</subfield>
    <subfield code="p">640</subfield>
    <subfield code="r">2023-02-27 00:00:00</subfield>
    <subfield code="t">7</subfield>
    <subfield code="w">2023-02-27</subfield>
    <subfield code="y">BK-R</subfield>
  </datafield>
  <datafield tag="952" ind1=" " ind2=" ">
    <subfield code="0">0</subfield>
    <subfield code="1">0</subfield>
    <subfield code="2">ddc</subfield>
    <subfield code="4">0</subfield>
    <subfield code="7">0</subfield>
    <subfield code="a">CTUMB</subfield>
    <subfield code="b">CTUMB</subfield>
    <subfield code="d">2014-01-29</subfield>
    <subfield code="l">0</subfield>
    <subfield code="o">647.940688 K87 2003</subfield>
    <subfield code="p">3362</subfield>
    <subfield code="r">2023-02-27 00:00:00</subfield>
    <subfield code="t">8</subfield>
    <subfield code="w">2023-02-27</subfield>
    <subfield code="y">BK-R</subfield>
  </datafield>
  <datafield tag="999" ind1=" " ind2=" ">
    <subfield code="c">1415</subfield>
    <subfield code="d">1415</subfield>
  </datafield>
</record>
